Música, género y educación

Na minha lista:
Detalhes bibliográficos
Autor principal: Green, Lucy (autora)
Outros Autores: Manzano Bernárdez, Pablo (traducción)
Formato: Desconhecido
Publicado em: Madrid, España: Morata, 2001.
Edição:Primera edición
Assuntos:
Tags: Adicionar Tag
Sem tags, seja o primeiro a adicionar uma tag!

MARC

LEADER 00000 a2200000 4500
003 CL-VaPUC
005 20240725125959.0
008 240715t2001 ||||| |||| 00| 0 eng d
999 |c 444186  |d 444184 
020 |a 978-84-7112-454-X 
040 |c Pontificia Universidad Católica de Valparaíso 
082 7 |2 22  |a 780.7 GRE 2001 
100 |a Green, Lucy  |9 890131  |e autora 
245 |a Música, género y educación 
250 |a Primera edición 
260 |a Madrid, España:  |b Morata,  |c 2001. 
300 |a 262 páginas 
583 |k Angela Raggi  |c 20240715 
650 0 |9 306653  |a Música  |x Enseñanza 
650 0 |9 888172  |a Mujeres en la educación  |x Música 
650 0 |9 538222  |a Discriminación de género  |x Música 
700 |9 876323  |a Manzano Bernárdez, Pablo  |e traducción 
942 |2 ddc  |c BK 
952 |0 0  |1 0  |2 ddc  |4 0  |6 780_700000000000000_GRE_2001  |7 0  |8 A  |9 595600  |a BIBEDU  |b BIBEDU  |d 2024-07-12  |e 13  |g 17989.00  |i 5662229  |o 780.7 GRE 2001  |p 5662229  |r 2024-07-12  |t 1  |v 17989.00  |w 2024-07-12  |y BK  |k MUS